Štyridsať rokov od zahájenia výchovy lekárenských (farmaceutických) laborantov na Slovensku

Bibliographic Details
Main Author: Kondel, I. (Author)
Format: Article
Language:Slovak
ISSN:0014-8172
Subjects:

MARC

LEADER 00000nab a2200000 a 4500
001 vtls000640667
003 SK-MaSNL
005 20260304100031.0
008 250425c1997 xo 0 slo
015 |a SNBRB19rr/mm-uuuuu 
035 |a CL0640806 
035 |a urn:nbn:sk:snk-ab1p53 
035 |a (urnnbn)urn:nbn:sk:snk:ar-004u50 
035 |a (uuid)0b1ec91b-ae45-453f-a7a0-7b09ede7393f 
040 |a SNKBUCL  |b slo  |c SNKBUCL  |e AACR2 
041 0 |a slo 
044 |a xo  |c SK 
080 |a 615.12:614.253.5:37  |2 1981 
080 |a 614.253.5  |2 1981 
100 1 |a Kondel, I.  |4 aut  |9 726137 
245 1 0 |a Štyridsať rokov od zahájenia výchovy lekárenských (farmaceutických) laborantov na Slovensku  |c I. Kondel 
650 0 7 |a farmaceutickí laboranti  |2 snkbucl  |9 171663 
655 7 |a články z novín a časopisov  |2 snkbucl  |9 267496 
773 0 |t Farmaceutický obzor  |g Roč. 66, č. 10 (1997), s. 279-280  |x 0014-8172 
850 |a Slovenská národná knižnica 
852 |a Slovenská národná knižnica 
954 |a odborná, vedecká literatúra pôvodná (slovenská)  |2 lita 
958 |a article27 
958 |a OND 
958 |a SK 
958 |a MI 
958 |a RK 
958 |a EUIPO 
992 |a RBX 
999 |c 2835513  |d 2837443